Of human bondage

में बचाया:
ग्रंथसूची विवरण
मुख्य लेखक: Maugham, W. Somerset
स्वरूप: पुस्तक
भाषा:Undetermined
प्रकाशित: New York The Modern Library 1915
विषय:
टैग : टैग जोड़ें
कोई टैग नहीं, इस रिकॉर्ड को टैग करने वाले पहले व्यक्ति बनें!
Thư viện lưu trữ: Trung tâm Học liệu Trường Đại học Cần Thơ
LEADER 00471nam a2200181Ia 4500
001 CTU_84006
008 210402s9999 xx 000 0 und d
082 |a 331.1 
082 |b M449 
100 |a Maugham, W. Somerset 
245 0 |a Of human bondage 
245 0 |c W. Somerset Maugham 
260 |a New York 
260 |b The Modern Library 
260 |c 1915 
650 |a Forced labor 
904 |i Truc, QHieu 
980 |a Trung tâm Học liệu Trường Đại học Cần Thơ